00310nam a2200121 a 4500008004100000020001500041050001700056100002600073245002700099260004100126300001200167350000900179060316s1969 ||||||||||||||||| || u a0413444708 aPR 6052.E7H4 aBermant, Chaim, 1929-10aHere endeth the lesson aLondon :bEyre and Spottswoodec1969 a218 p.  a0.00